000 00501nam a2200157 i 4500
001 33402
003 ES-MaACL
005 20230906154742.0
007 t|
008 030202s1925 po ||||1| por d
100 1 _aBethencourt, Juan Carlos.
_928660
245 1 0 _aCatalogo dos documentos do Archivo General de Guipuscoa referentes a Portugal /
_cJuan Carlos Bethencourt.
260 _aCoimbra :
_b[s.n.,
_c1925] (
_fImp. da Universidades)
300 _a42 p. ;
_c45 cm.
852 _aES-MaACL
_j1726-F-27
999 _c33402
_d33402